| 000 -LEADER |
| fixed length control field |
00672pam a2200205 a 4500 |
| 020 ## - INTERNATIONAL STANDARD BOOK NUMBER |
| ISBN |
0803995962 (U.S.) |
| 020 ## - INTERNATIONAL STANDARD BOOK NUMBER |
| ISBN |
8170361427 (India) |
| 040 ## - CATALOGING SOURCE |
| Transcribing agency |
DLC |
| 082 00 - DEWEY DECIMAL CLASSIFICATION NUMBER |
| Classification number |
363 SAG 1989 A012 Or. |
| 100 1# - MAIN ENTRY--AUTHOR NAME |
| Personal name |
Mehta, Meera, |
| 245 10 - TITLE STATEMENT |
| Title |
Metropolitan housing market : |
| Remainder of title |
a study of Ahmedabad / |
| 260 ## - PUBLICATION, DISTRIBUTION, ETC. (IMPRINT) |
| Place of publication |
New Delhi ; |
| -- |
Newburry Park, Calif. : |
| Name of publisher |
Sage Publications, |
| Year of publication |
1989. |
| 300 ## - PHYSICAL DESCRIPTION |
| Number of Pages |
208 p. : |
| Other physical details |
ill. ; |
| Dimensions |
23 cm. |
| 650 #0 - SUBJECT ADDED ENTRY--TOPICAL TERM |
| Topical Term |
Housing |
| 700 1# - ADDED ENTRY--PERSONAL NAME |
| Personal name |
Mehta, Dinesh, |
| 700 2# - ADDED ENTRY--PERSONAL NAME |
| Personal name |
Shivanand Swamy, H. M. |
| 856 42 - ELECTRONIC LOCATION AND ACCESS |
| Uniform Resource Identifier |
http://www.loc.gov/catdir/enhancements/fy0657/89035559-d.html |
| 856 41 - ELECTRONIC LOCATION AND ACCESS |
| Uniform Resource Identifier |
http://www.loc.gov/catdir/enhancements/fy0657/89035559-t.html |
| 942 ## - ADDED ENTRY ELEMENTS (KOHA) |
| Koha item type |
សៀវភៅភាសាអង់គ្លេស |
| 952 ## - LOCATION AND ITEM INFORMATION (KOHA) |
| Withdrawn status [LOCAL, KOHA] |
0 |